000 00541nam a2200181Ia 4500
005 20250508154317.0
008 008 250505s9999 xx 000 0 eng d
037 _aTextual
040 _aFEDL
_beng
_cFEDL
041 _aeng
_2eng
084 _a040, NEH
_qFEDL
245 0 _aJawaharlal Nehru's speeches. Vol 4
245 0 _cGovenment of India. Ministry of Information and Broadcasting
260 _aDelhi, India
_bPublication Division
_c1964
300 _axiv,461p.
942 _cTEXL
_h040, NEH
999 _c1349517
_d1349517